Nhập môn phân tích thông tin có bảo mật

Tài liệu gồm 7 chương bao gồm các nội dung sau: Khái niệm về mã thám, một số kiến thức bổ trợ, các bước cơ bản để tiến hành thám mã, thực hành phân tích một số luậ mã thuộc thế hệ mật truyền thống, một số phương pháp thám ma...

Täydet tiedot

Tallennettuna:
Bibliografiset tiedot
Päätekijä: Hồ, Văn Canh
Aineistotyyppi: Kirja
Kieli:Undetermined
Julkaistu: Hà Nội Thông Tin và Truyền Thông 2010
Aiheet:
Tagit: Lisää tagi
Ei tageja, Lisää ensimmäinen tagi!
Thư viện lưu trữ: Trung tâm Học liệu Trường Đại học Cần Thơ
LEADER 01176nam a2200205Ia 4500
001 CTU_174135
008 210402s9999 xx 000 0 und d
020 |c 55000 
082 |a 005.8 
082 |b C107 
100 |a Hồ, Văn Canh 
245 0 |a Nhập môn phân tích thông tin có bảo mật 
245 0 |c Hồ Văn Canh, Nguyễn Viết Thế 
260 |a Hà Nội 
260 |b Thông Tin và Truyền Thông 
260 |c 2010 
520 |a Tài liệu gồm 7 chương bao gồm các nội dung sau: Khái niệm về mã thám, một số kiến thức bổ trợ, các bước cơ bản để tiến hành thám mã, thực hành phân tích một số luậ mã thuộc thế hệ mật truyền thống, một số phương pháp thám má dữ liệu DES, mật mã công khai và phương pháp thám mã, phương pháp tấn công RSA không cần phân tích nhân tử. 
650 |a Computer security,Bảo mật máy tính 
910 |a phuong,Hải 
980 |a Trung tâm Học liệu Trường Đại học Cần Thơ